000 01055nam a22002297a 4500
999 _c22118
_d22118
003 AR-CdUCM
008 190429b ||||| |||| 00| 0 spa d
040 _aMUNICIPALIDAD PROVINCIAL DEL CUSCO
_cBIBLIOTECA MUNICIPAL DEL CUSCO
082 _aChaski/N°6/1986
245 _aChaski :
_binformativo mensual peruano /
_cArnaldo Soriano Vásquez, director
260 _aRosario :
_bChaski,
_c1986.
300 _a12 páginas. :
_bilustraciones ;
_c30 cm.
440 _aChaski.
_nAño 1, N°6, noviembre 1986.
_947476
505 _aContenido: Perú con Alan García. Las Malvinas son argentinas. -- Historia del Cine peruano. César Figueroa. -- Tupac Amaru. Juan José Vega. -- Yawar Fiesta. Dante Molina del Castillo. -- Don Ignacio Álvarez Thomas militar y político peruano. Edilberto Bocángel. -- Cocina peruana un reto al paladar.
650 _aTúpac Amaru
_9623
650 _aCine peruano
_945615
650 _aSiglo XX
_947468
700 _aVega, Juan José
_947477
700 _aMolina del Castillo,Dante
_947478
942 _2ddc
_cPP
945 _arac